| 000 | 00524nam a22001817a 4500 | ||
|---|---|---|---|
| 999 |
_c188831 _d188831 |
||
| 005 | 20220606113903.0 | ||
| 010 | _aENG-133020 | ||
| 020 |
_a9789386473073 _c695.00 |
||
| 035 | _aEN-116552 | ||
| 037 | _bDBAD/PUB | ||
| 082 | _a954 | ||
| 100 | _aPandit, Virendra | ||
| 245 |
_aReturn of the infidel/ _cVirendra Pandit |
||
| 260 |
_aNew Delhi _bVitasta Publishing Pvt Ltd _c2018 |
||
| 270 |
_a2/15, Ansari Road, Daryaganj _bNew Delhi _e110002 |
||
| 300 |
_a586p. _c22cm(hbk) |
||
| 942 |
_2ddc _cEN _mPAN _h954 |
||